000 00482nam a2200157 4500
001 125968
003 ES-MaACL
007 t|
008 070214s1974 fr r ||||1| fre d
100 1 _aRead, Piers Paul.
_995670
245 1 4 _aLes survivants /
_cPiers Paul Read ; traduit de l'anglais par Marcel Schneider.
260 _aParis :
_bBernard Grasset,
_c1974.
300 _a351 p., 8 lám. ;
_c24 cm.
700 1 _aSchneider, Marcel.
_9104568
852 _aES-MaACL
_jE-6847
_bR.91353
999 _c125968
_d125968